Industrial labour in India. (Record no. 36293)

MARC details
000 -LEADER
fixed length control field 01029cam a22003011 4500
001 - CONTROL NUMBER
control field l 39000075
003 - CONTROL NUMBER IDENTIFIER
control field DLC
005 - DATE AND TIME OF LATEST TRANSACTION
control field 20260227111536.0
008 - FIXED-LENGTH DATA ELEMENTS--GENERAL INFORMATION
fixed length control field 781107s1938 sz 001 0 eng c
010 ## - LIBRARY OF CONGRESS CONTROL NUMBER
LC control number l 39000075
035 ## - SYSTEM CONTROL NUMBER
System control number (OCoLC)4354014
040 ## - CATALOGING SOURCE
Original cataloging agency U.S. Dept. of Labor. Libr.
Transcribing agency CoDU
Modifying agency OCoLC
-- DLC
042 ## - AUTHENTICATION CODE
Authentication code premarc
050 00 - LIBRARY OF CONGRESS CALL NUMBER
Classification number HD4813
Item number .I4 ser. A, no. 41
082 ## - DEWEY DECIMAL CLASSIFICATION NUMBER
Classification number 331.1082 s
110 2# - MAIN ENTRY--CORPORATE NAME
Corporate name or jurisdiction name as entry element International Labour Office.
245 10 - TITLE STATEMENT
Title Industrial labour in India.
260 ## - PUBLICATION, DISTRIBUTION, ETC.
Place of publication, distribution, etc. Geneva,
Date of publication, distribution, etc. 1938.
300 ## - PHYSICAL DESCRIPTION
Extent viii, 335 p.
Dimensions 24 cm.
490 1# - SERIES STATEMENT
Series statement Its Studies and reports, Series A (Industrial relations)
Volume/sequential designation no. 41
500 ## - GENERAL NOTE
General note At head of title: International labour office ...
650 #0 - SUBJECT ADDED ENTRY--TOPICAL TERM
Topical term or geographic name entry element Labor and laboring classes
Geographic subdivision India.
650 #0 - SUBJECT ADDED ENTRY--TOPICAL TERM
Topical term or geographic name entry element Labor laws and legislation
Geographic subdivision India.
650 #0 - SUBJECT ADDED ENTRY--TOPICAL TERM
Topical term or geographic name entry element Wages
Geographic subdivision India.
650 #0 - SUBJECT ADDED ENTRY--TOPICAL TERM
Topical term or geographic name entry element Cost and standard of living
Geographic subdivision India.
650 #0 - SUBJECT ADDED ENTRY--TOPICAL TERM
Topical term or geographic name entry element Hours of labor
Geographic subdivision India.
810 2# - SERIES ADDED ENTRY--CORPORATE NAME
Corporate name or jurisdiction name as entry element International Labour Office.
Title of a work Studies and reports, Series A (Industrial relations)
Volume/sequential designation no. 41.

No items available.

Powered by Koha